=LDR 00000nam 2200000 4500 =001 INLIS000000000009834 =005 20130612101615 =008 ***********************************Ind** =035 ##$$0010-061300000009834 =041 ##$$a Ind =082 ##$$a 613.83 =090 ##$$a 613.83, Ghi g =100 ##$$a Al-Ghifari, Abu =245 ##$$a Generasi Narkoba, Abu Al-Ghifari =260 ##$$a 2002 $b Bandung =300 ##$$a 64 hlm., 21 cm =650 ##$$a Narkoba =650 ##$$a Aspek Kesehatan =850 ##$$a NBPNMAT